000 00595nam a2200181 i 4500
001 49022
003 ES-MaACL
005 20230906161852.0
007 t|
008 030704s1928 cu ||||1| spa d
100 1 _aCoronado, Francisco de Paula.
_940680
245 1 0 _aLa vida de la Academia de la Historia
_b: (1927-1928) /
_cFrancisco de Paula Coronado.
260 _aLa Habana :
_bAvisador Comercial,
_c1928.
300 _a62 p. ;
_c28 cm.
500 _aPrecede al tít.: Academia de la Historia de Cuba.
710 2 _aAcademia de la Historia de Cuba.
_91183
852 _aES-MaACL
_j1724-F-7
999 _c49022
_d49022